| 000 | 00530nam a2200205Ia 4500 | ||
|---|---|---|---|
| 003 | GCL | ||
| 008 | 140319s9999 xx 000 0 eng d | ||
| 040 |
_aGCL / _cGCL |
||
| 082 | 0 | 4 |
_a611 _bC C |
| 100 | 1 | _aHUTCHINGS, R.T | |
| 245 | 1 | 0 |
_aA COLOUR ATLAS OF HUMAN DISSECTION, 2ND ED. / _cHUTCHINGS, R.T |
| 700 | 1 | _aCHUMBLEY, C. C. | |
| 260 |
_a[S.N] : _bWOLFE PUBLISHING LTD ، _c1992 |
||
| 300 | _a199\P | ||
| 650 | 0 | 4 | _aSURGERY |
| 650 | 0 | 4 | _aHUMAN BODY |
| 650 | 0 | 4 | _aMEDICINE |
| 650 | 0 | 4 | _aHUMAN - ANATOMY |
| 942 |
_2ddc _cBK |
||
| 999 |
_c22086 _d22086 |
||